Hỏi đáp về trang phục truyền thống Việt Nam
Giới thiệu đặc trưng trang phục Việt (bao gồm cả trang phục của một số dân tộc thiểu số) qua cả cái nhìn lịch đại và đồng đại.
Salvato in:
| Autore principale: | |
|---|---|
| Natura: | Libro |
| Lingua: | Undetermined |
| Pubblicazione: |
H.
Thời đại
2010
|
| Soggetti: | |
| Accesso online: | http://lrc.tdmu.edu.vn/opac/search/detail.asp?aID=2&ID=15111 |
| Tags: |
Aggiungi Tag
Nessun Tag, puoi essere il primo ad aggiungerne! !
|
| Thư viện lưu trữ: | Trung tâm Học liệu Trường Đại học Thủ Dầu Một |
|---|
| LEADER | 00848nam a2200205Ia 4500 | ||
|---|---|---|---|
| 001 | TDMU_15111 | ||
| 008 | 210410s9999 xx 000 0 und d | ||
| 082 | |a 391.009 597 | ||
| 090 | |b PH104 | ||
| 100 | |a Phạm, Anh Trang | ||
| 245 | 0 | |a Hỏi đáp về trang phục truyền thống Việt Nam | |
| 245 | 0 | |c Phạm Anh Trang | |
| 260 | |a H. | ||
| 260 | |b Thời đại | ||
| 260 | |c 2010 | ||
| 300 | |a 196 tr. | ||
| 520 | |a Giới thiệu đặc trưng trang phục Việt (bao gồm cả trang phục của một số dân tộc thiểu số) qua cả cái nhìn lịch đại và đồng đại. | ||
| 650 | |a Trang phục |x Truyền thống |z Việt Nam | ||
| 856 | |u http://lrc.tdmu.edu.vn/opac/search/detail.asp?aID=2&ID=15111 | ||
| 980 | |a Trung tâm Học liệu Trường Đại học Thủ Dầu Một | ||